000 00503nam a22001937a 4500
003 CEME
005 20210628205907.0
008 210204b xxu||||| |||| 00| 0 eng d
020 _a0-19-579422-2
040 _c.
082 _a355.5491 COH
100 _aStewan P.Cohan
_977411
245 _aPakistan army,tareekh wa tanzeem
260 _aNEW YORK
_bOXFORD UNIVERSITY PRESS
_c1998
300 _a220P
650 _aPAKISTAN ARMY-HISTYORY
_977412
700 _aSohail Anjum
_972776
942 _cBK
_2ddc
999 _c582682
_d582682